[Event "FIN Team Cup"]
[Site "Finland"]
[Date "2014.03.29"]
[Round "1.3"]
[White "Rantanen, Veikko J"]
[Black "Takku, Teppo"]
[Result "1/2-1/2"]
[WhiteElo "1927"]
[BlackElo "1920"]
[PlyCount "40"]
[EventDate "2014.03.29"]
[EventType "team-k.o."]
[EventRounds "6"]
[EventCountry "FIN"]
[SourceTitle "EXT 2022"]
[Source "ChessBase"]
[SourceDate "2021.10.06"]
[SourceVersion "1"]
[SourceVersionDate "2021.10.06"]
[SourceQuality "1"]
[WhiteTeam "Toijala AkaaS"]
[BlackTeam "Tampere Tammer III"]
[WhiteTeamCountry "FIN"]
[BlackTeamCountry "FIN"]

1. e4 Nf6 2. e5 Nd5 3. d4 d6 4. Nf3 Bg4 5. Be2 e6 6. 0-0 Be7 7. c4 Nb6 8. Be3 0-0 9. Nbd2 Nc6 10. Rc1 dxe5 11. dxe5 Nb4 12. Qb3 a5 13. Ra1 a4 14. Qc3 a3 15. b3 Nc6 16. Rfd1 Bb4 17. Qc2 Bf5 18. Qc1 Qe7 19. Bg5 Qc5 20. Be3 Qe7 1/2-1/2

[Event "FIN-chT1 West 1213"]
[Site "Finland"]
[Date "2012.10.27"]
[Round "2.3"]
[White "Linqvist, Grels"]
[Black "Takku, Teppo"]
[Result "1/2-1/2"]
[WhiteElo "2018"]
[BlackElo "1918"]
[PlyCount "31"]
[EventDate "2012.09.29"]
[EventType "team-tourn"]
[EventRounds "7"]
[EventCountry "FIN"]
[SourceTitle "EXT 2019"]
[Source "ChessBase"]
[SourceDate "2018.10.10"]
[SourceVersion "1"]
[SourceVersionDate "2018.10.10"]
[SourceQuality "1"]
[WhiteTeam "Vaasa VSS"]
[BlackTeam "Tampere Tammer III"]
[WhiteTeamCountry "FIN"]
[BlackTeamCountry "FIN"]

1. c4 e5 2. Nc3 Nf6 3. g3 d5 4. cxd5 Nxd5 5. Bg2 Nb6 6. Nf3 Nc6 7. a3 Be7 8. b4 a6 9. 0-0 0-0 10. d3 Bg4 11. h3 Bh5 12. Rb1 f5 13. Nd2 Rb8 14. Nb3 Nd4 15. Re1 c6 16. Nxd4 1/2-1/2

[Event "FIN-chT1A 1112"]
[Site "Finland"]
[Date "2012.01.14"]
[Round "5.8"]
[White "Takku, Teppo"]
[Black "Pyylampi, Sauli"]
[Result "1-0"]
[WhiteElo "1902"]
[BlackElo "1936"]
[PlyCount "57"]
[EventDate "2011.09.17"]
[EventType "team-tourn"]
[EventRounds "7"]
[EventCountry "FIN"]
[SourceTitle "EXT 2019"]
[Source "ChessBase"]
[SourceDate "2018.10.10"]
[SourceVersion "1"]
[SourceVersionDate "2018.10.10"]
[SourceQuality "1"]
[WhiteTeam "Tampere Tammer II"]
[BlackTeam "Vaasa VSS"]
[WhiteTeamCountry "FIN"]
[BlackTeamCountry "FIN"]

1. e4 g6 2. d4 Bg7 3. Nc3 d6 4. Be3 c6 5. Qd2 b5 6. Nf3 Bd7 7. Bd3 a6 8. 0-0 Qc7 9. e5 dxe5 10. Nxe5 Bxe5 11. dxe5 Qxe5 12. Rfe1 Qg7 13. Rad1 h5 14. Ne4 Nf6 15. Nxf6+ exf6 16. Bh6+ Kf8 17. Bxg7+ Kxg7 18. b4 h4 19. Be2 Be6 20. Bf3 Ra7 21. Qe3 Rc7 22. Rd6 h3 23. Qd4 hxg2 24. Rd8 Rc8 25. Rxh8 Rxh8 26. a3 Rc8 27. Qd6 g5 28. Bxg2 g4 29. Rxe6 1-0